[Event "World Junior U20 Girls 2018"]
[Site "Gebze"]
[Date "2018.09.06"]
[Round "2"]
[White "Isha Sharma"]
[Black "Kanakova, Natalie"]
[Result "0-1"]
[WhiteElo "2012"]
[BlackElo "2201"]
[Annotator "NA"]
[PlyCount "160"]
[EventDate "2018.09.05"]
[EventType "swiss"]
[EventCountry "TUR"]
[SourceTitle "playchess.com"]
[Source "ChessBase"]
[SourceQuality "1"]
[TimeControl "40/5400+30:1800+30"]

1. e4 {[%emt 0:00:30]} e5 {[%emt 0:00:30]} 2. Nf3 {[%emt 0:00:30]} Nc6 {[%emt 0:00:30]} 3. Bc4 {[%emt 0:00:00]} Nf6 {[%emt 0:00:00]} 4. d3 {[%emt 0:00:00]} Be7 {[%emt 0:01:00]} 5. O-O {[%emt 0:00:00]} O-O {[%emt 0:00:30]} 6. Re1 {[%emt 0:00:00]} d6 {[%emt 0:00:30]} 7. h3 {[%emt 0:00:00]} Kh8 {[%emt 0:01:30]} 8. c3 {[%emt 0:01:00]} Ng8 {[%emt 0:03:30]} 9. d4 {[%emt 0:04:30]} f5 {[%emt 0:04:30]} 10. dxe5 {[%emt 0:05:30]} fxe4 {[%emt 0:01:30]} 11. Rxe4 {[%emt 0:01:30]} Rxf3 {[%emt 0:05:30]} 12. gxf3 {[%emt 0:12:30]} Bf5 {[%emt 0:07:30]} 13. Re1 {[%emt 0:00:30]} Nxe5 {[%emt 0:04:30]} 14. Bf1 {[%emt 0:00:30]} Qe8 {[%emt 0:01:30]} 15. Bf4 {[%emt 0:06:30]} Qg6+ $11 {[%emt 0:05:30]} (15... Bc2 $5 16. Qe2 Nd3 $11) 16. Bg3 {[%emt 0:01:30]} Rf8 {[%emt 0:08:30]} 17. Na3 {[%emt 0:18:30]} Qh5 {[%emt 0:11:30]} 18. Rxe5 {[%emt 0:08:30]} dxe5 {[%emt 0:00:30]} 19. Kh2 {[%emt 0:02:30]} Nh6 {[%emt 0:11:30]} 20. Nc4 {[%emt 0:02:30]} e4 {[%emt 0:07:30]} 21. fxe4 {[%emt 0:02:30]} Bg4 {[%emt 0:00:30]} 22. Qd5 {[%emt 0:00:30]} Bg5 {[%emt 0:10:00]} 23. Kg1 {[%emt 0:04:30]} Bf3 {[%emt 0:02:42]} 24. Ne5 {[%emt 0:01:30]} Be2 {[%emt 0:09:11]} 25. Bxe2 {[%emt 0:01:30]} Qxe2 {[%emt 0:00:01]} 26. Nd7 {[%emt 0:00:30]} Rd8 {[%emt 0:00:54]} 27. Bxc7 {[%emt 0:01:30]} Bh4 {[%emt 0:00:30]} 28. Rf1 {[%emt 0:00:30]} Re8 {[%emt 0:00:19]} 29. Nc5 {[%emt 0:02:30]} Rf8 {[%emt 0:01:27]} 30. Qd4 {[%emt 0:00:30]} Qh5 {[%emt 0:00:54]} 31. Be5 {[%emt 0:01:30]} Qg5+ {[%emt 0:00:22]} 32. Kh2 {[%emt 0:01:30]} Bxf2 {[%emt 0:00:35]} 33. Bxg7+ {[%emt 0:00:47]} Kg8 {[%emt 0:00:00]} 34. Qc4+ {[%emt 0:01:00]} Rf7 {[%emt 0:00:37]} 35. Rxf2 {[%emt 0:00:09]} Ng4+ {[%emt 0:00:00]} 36. hxg4 {[%emt 0:03:33]} Qh4+ {[%emt 0:00:00]} 37. Kg2 {[%emt 0:00:00]} Qxf2+ {[%emt 0:00:29]} 38. Kh3 {[%emt 0:00:00]} Qf3+ {[%emt 0:01:01]} 39. Kh4 {[%emt 0:00:06]} Kxg7 {[%emt 0:00:25]} 40. Qd4+ {[%emt 0:00:00]} Kg6 {[%emt 0:00:00]} 41. Qd6+ {[%emt 0:04:55]} Rf6 {[%emt 0:05:33]} 42. Qg3 {[%emt 0:00:30]} Qh1+ {[%emt 0:00:30]} 43. Qh3 {[%emt 0:00:30]} Qe1+ {[%emt 0:00:30]} 44. Qg3 {[%emt 0:00:00]} Qc1 {[%emt 0:02:30]} 45. Qd3 {[%emt 0:02:00]} Qh6+ {[%emt 0:04:30]} 46. Kg3 {[%emt 0:00:00]} Qf4+ {[%emt 0:00:30]} 47. Kh3 {[%emt 0:00:00]} Kh6 {[%emt 0:04:28]} 48. e5 {[%emt 0:03:30]} Rg6 {[%emt 0:09:22]} 49. Qg3 {[%emt 0:00:30]} Qf1+ {[%emt 0:01:00]} 50. Qg2 {[%emt 0:03:30]} Qxg2+ {[%emt 0:00:20]} 51. Kxg2 {[%emt 0:00:00]} Rxg4+ {[%emt 0:00:30]} 52. Kf3 {[%emt 0:00:00]} Rg7 {[%emt 0:00:00]} 53. a4 {[%emt 0:02:30]} Kg6 {[%emt 0:00:29]} 54. Kf4 {[%emt 0:01:30]} Rc7 {[%emt 0:01:48]} 55. b4 {[%emt 0:01:30]} b6 {[%emt 0:01:29]} 56. Ne4 {[%emt 0:00:30]} Rf7+ {[%emt 0:02:30]} 57. Ke3 {[%emt 0:00:30]} h5 {[%emt 0:00:53]} 58. Nd6 {[%emt 0:03:30]} Rc7 {[%emt 0:01:06]} 59. c4 {[%emt 0:00:00]} Kg5 {[%emt 0:01:06]} 60. Kf3 {[%emt 0:00:00]} Re7 {[%emt 0:00:22]} 61. c5 {[%emt 0:02:30]} bxc5 {[%emt 0:01:17]} 62. bxc5 {[%emt 0:00:30]} h4 {[%emt 0:00:01]} 63. c6 {[%emt 0:02:30]} a6 {[%emt 0:01:36]} 64. e6 {[%emt 0:00:00]} h3 {[%emt 0:00:30]} 65. Kg3 {[%emt 0:00:00]} h2 {[%emt 0:00:30]} 66. Kxh2 {[%emt 0:00:30]} Kf4 {[%emt 0:00:00]} 67. Nc8 {[%emt 0:23:24]} Rc7 {[%emt 0:00:28]} 68. Nb6 {[%emt 0:00:00]} Ke5 {[%emt 0:02:01]} 69. Nd7+ {[%emt 0:00:09]} Kd6 {[%emt 0:00:03]} 70. Nb8 {[%emt 0:05:50]} a5 {[%emt 0:00:04]} 71. Kg3 {[%emt 0:00:29]} Kxe6 {[%emt 0:00:38]} 72. Kf3 {[%emt 0:00:05]} Kd5 {[%emt 0:00:11]} 73. Ke3 {[%emt 0:01:21]} Rc8 {[%emt 0:00:09]} 74. Nd7 {[%emt 0:00:51]} Kxc6 {[%emt 0:00:15]} 75. Nf6 {[%emt 0:01:23]} Kc5 {[%emt 0:00:58]} 76. Kd3 {[%emt 0:00:05]} Kb4 {[%emt 0:00:19]} 77. Nd5+ {[%emt 0:00:07]} Kb3 {[%emt 0:00:00]} 78. Ke3 {[%emt 0:00:48]} Rc6 {[%emt 0:00:27]} 79. Kd4 {[%emt 0:01:26]} Kxa4 {[%emt 0:00:12]} 80. Ne7 {[%emt 0:00:12]} Rc1 {[%emt 0:00:22]} 0-1

[Event "World Junior U20 Girls 2018"]
[Site "Gebze"]
[Date "2018.09.06"]
[Round "2"]
[White "Cramling Bellon, Anna"]
[Black "Caxita, Esperanca"]
[Result "1-0"]
[WhiteElo "2009"]
[BlackElo "1803"]
[Annotator "NA"]
[PlyCount "53"]
[EventDate "2018.09.05"]
[EventType "swiss"]
[EventCountry "TUR"]
[SourceTitle "playchess.com"]
[Source "ChessBase"]
[SourceQuality "1"]
[TimeControl "40/5400+30:1800+30"]

1. d4 {[%emt 0:00:30]} Nf6 {[%emt 0:00:30]} 2. c4 {[%emt 0:00:30]} e6 {[%emt 0:00:00]} 3. Nc3 {[%emt 0:00:30]} Bb4 {[%emt 0:00:00]} 4. Qc2 {[%emt 0:01:30]} d5 {[%emt 0:02:30]} 5. cxd5 {[%emt 0:03:30]} Nxd5 {[%emt 0:03:30]} 6. e4 {[%emt 0:09:30]} Nxc3 {[%emt 0:09:30]} 7. bxc3 {[%emt 0:00:30]} Ba5 {[%emt 0:01:30]} 8. Nf3 {[%emt 0:05:30]} c5 {[%emt 0:03:30]} 9. Bd2 {[%emt 0:10:30]} cxd4 {[%emt 0:04:30]} 10. cxd4 {[%emt 0:00:30]} Nc6 {[%emt 0:00:30]} 11. Bb5 {[%emt 0:04:30]} Bd7 {[%emt 0:03:30]} 12. O-O {[%emt 0:01:30]} Bxd2 {[%emt 0:01:30]} 13. Qxd2 {[%emt 0:01:30]} O-O {[%emt 0:00:30]} 14. Rfd1 {[%emt 0:09:30]} Ne7 {[%emt 0:03:30]} 15. Bxd7 {[%emt 0:05:30]} Qxd7 {[%emt 0:00:00]} 16. Ne5 {[%emt 0:00:30]} Qa4 {[%emt 0:01:00]} 17. Rab1 {[%emt 0:04:30]} b6 {[%emt 0:02:30]} 18. Rb4 {[%emt 0:05:30]} Qa6 {[%emt 0:01:30]} 19. d5 {[%emt 0:01:30]} exd5 {[%emt 0:08:30]} 20. exd5 {[%emt 0:00:30]} Rfd8 {[%emt 0:00:30]} 21. d6 {[%emt 0:04:30]} Rac8 {[%emt 0:04:30]} 22. h3 {[%emt 0:07:30]} Qb7 {[%emt 0:05:30]} 23. Rg4 {[%emt 0:07:30]} f6 {[%emt 0:05:30]} 24. d7 {[%emt 0:03:56]} Rc5 {[%emt 0:04:30]} 25. Qd6 {[%emt 0:03:32]} Rxe5 {[%emt 0:14:02]} 26. Qxf6 {[%emt 0:00:45]} Ng6 {[%emt 0:00:17]} 27. Qxd8+ {[%emt 0:01:37]} 1-0

[Event "World Junior U20 Girls 2018"]
[Site "Gebze"]
[Date "2018.09.06"]
[Round "2"]
[White "Stanciu, Ioana-Georgiana"]
[Black "Anacoglu, Cisel"]
[Result "1-0"]
[WhiteElo "2000"]
[BlackElo "1791"]
[Annotator "NA"]
[PlyCount "69"]
[EventDate "2018.09.05"]
[EventType "swiss"]
[EventCountry "TUR"]
[SourceTitle "playchess.com"]
[Source "ChessBase"]
[SourceQuality "1"]
[TimeControl "40/5400+30:1800+30"]

1. e4 {[%emt 0:01:30]} e5 {[%emt 0:00:30]} 2. Nf3 {[%emt 0:00:30]} Nc6 {[%emt 0:00:30]} 3. d4 {[%emt 0:00:00]} exd4 {[%emt 0:00:00]} 4. Nxd4 {[%emt 0:00:00]} Nf6 {[%emt 0:00:00]} 5. Nxc6 {[%emt 0:00:30]} bxc6 {[%emt 0:00:00]} 6. e5 {[%emt 0:00:30]} Nd5 {[%emt 0:00:00]} 7. c4 {[%emt 0:00:00]} Ne7 {[%emt 0:00:00]} 8. Bd3 {[%emt 0:01:00]} Ng6 {[%emt 0:00:00]} 9. O-O {[%emt 0:01:30]} Be7 {[%emt 0:00:00]} 10. f4 {[%emt 0:01:30]} O-O {[%emt 0:00:00]} 11. Nc3 {[%emt 0:02:30]} d6 {[%emt 0:00:30]} 12. exd6 {[%emt 0:05:30]} Bxd6 {[%emt 0:00:30]} 13. Ne4 {[%emt 0:05:30]} Be7 {[%emt 0:12:30]} 14. Be3 {[%emt 0:02:30]} Bf5 {[%emt 0:08:30]} 15. Qc2 {[%emt 0:02:30]} Qd7 {[%emt 0:03:30]} 16. Nf6+ {[%emt 0:05:30]} Bxf6 {[%emt 0:00:30]} 17. Bxf5 {[%emt 0:00:00]} Qe7 {[%emt 0:02:30]} 18. Rae1 {[%emt 0:01:00]} Qb4 {[%emt 0:03:30]} 19. b3 {[%emt 0:03:30]} Rfe8 {[%emt 0:04:30]} 20. Qf2 {[%emt 0:10:30]} Qa5 {[%emt 0:11:30]} 21. Bd7 {[%emt 0:01:30]} Re7 {[%emt 0:02:30]} 22. Bxc6 {[%emt 0:00:30]} Rd8 {[%emt 0:00:30]} 23. Rd1 {[%emt 0:01:30]} Rxd1 {[%emt 0:03:30]} 24. Rxd1 {[%emt 0:00:30]} Qc3 {[%emt 0:08:30]} 25. Bxa7 {[%emt 0:05:30]} Re6 {[%emt 0:03:30]} 26. Bb7 {[%emt 0:05:30]} Rd6 {[%emt 0:01:30]} 27. Rxd6 {[%emt 0:04:30]} cxd6 {[%emt 0:00:30]} 28. g3 {[%emt 0:00:00]} Qa1+ {[%emt 0:01:30]} 29. Kg2 {[%emt 0:00:00]} Bb2 {[%emt 0:01:30]} 30. a4 {[%emt 0:01:30]} Qa3 {[%emt 0:00:30]} 31. Qe3 {[%emt 0:01:30]} Bc1 {[%emt 0:01:30]} 32. Qe8+ {[%emt 0:01:30]} Nf8 {[%emt 0:00:30]} 33. Bd5 {[%emt 0:01:30]} Qb2+ {[%emt 0:00:30]} 34. Bf2 {[%emt 0:00:30]} Qf6 {[%emt 0:00:30]} 35. a5 {[%emt 0:00:00]} 1-0

[Event "World Junior U20 Girls 2018"]
[Site "Gebze"]
[Date "2018.09.06"]
[Round "2"]
[White "Nastase, Andreea-Cristina"]
[Black "Huttl, Sofie"]
[Result "1-0"]
[WhiteElo "1983"]
[BlackElo "1727"]
[Annotator "NA"]
[PlyCount "65"]
[EventDate "2018.09.05"]
[EventType "swiss"]
[EventCountry "TUR"]
[SourceTitle "playchess.com"]
[Source "ChessBase"]
[SourceQuality "1"]
[TimeControl "40/5400+30:1800+30"]

1. d4 {[%emt 0:01:30]} d5 {[%emt 0:00:30]} 2. c4 {[%emt 0:00:30]} e6 {[%emt 0:00:30]} 3. Nc3 {[%emt 0:00:00]} Be7 {[%emt 0:00:00]} 4. Nf3 {[%emt 0:00:00]} Nf6 {[%emt 0:00:00]} 5. cxd5 {[%emt 0:00:00]} exd5 {[%emt 0:00:30]} 6. Bg5 {[%emt 0:00:00]} h6 {[%emt 0:00:30]} 7. Bh4 {[%emt 0:01:30]} c6 {[%emt 0:02:30]} 8. Qc2 {[%emt 0:00:30]} O-O {[%emt 0:01:30]} 9. e3 {[%emt 0:00:30]} Re8 {[%emt 0:05:30]} 10. Bd3 {[%emt 0:01:30]} Nbd7 {[%emt 0:07:30]} 11. O-O {[%emt 0:01:30]} Ne4 {[%emt 0:06:30]} 12. Bxe7 {[%emt 0:00:30]} Qxe7 {[%emt 0:00:30]} 13. Rab1 {[%emt 0:00:30]} Nb6 {[%emt 0:07:30]} 14. b4 {[%emt 0:02:30]} a6 {[%emt 0:02:30]} 15. Bxe4 {[%emt 0:02:30]} dxe4 {[%emt 0:00:30]} 16. Nd2 {[%emt 0:00:00]} f5 {[%emt 0:02:30]} 17. a4 {[%emt 0:00:00]} Be6 {[%emt 0:02:30]} 18. Ne2 {[%emt 0:04:30]} Rec8 {[%emt 0:08:30]} 19. Qc5 {[%emt 0:05:30]} Qc7 {[%emt 0:05:30]} 20. Nf4 {[%emt 0:01:30]} Kf7 {[%emt 0:06:30]} 21. Nxe6 {[%emt 0:06:30]} Kxe6 {[%emt 0:00:30]} 22. f3 {[%emt 0:01:30]} exf3 {[%emt 0:03:30]} 23. Rxf3 {[%emt 0:01:30]} g6 {[%emt 0:09:30]} 24. e4 {[%emt 0:00:30]} f4 {[%emt 0:00:30]} 25. d5+ {[%emt 0:04:30]} cxd5 {[%emt 0:02:30]} 26. exd5+ {[%emt 0:00:00]} Nxd5 {[%emt 0:00:30]} 27. Re1+ {[%emt 0:00:00]} Ne3 {[%emt 0:00:30]} 28. Qxc7 {[%emt 0:00:30]} Rxc7 {[%emt 0:00:30]} 29. Rxf4 {[%emt 0:00:00]} Rc2 {[%emt 0:06:16]} 30. Rxe3+ {[%emt 0:00:00]} Kd7 {[%emt 0:00:00]} 31. Rd4+ {[%emt 0:00:30]} Kc7 {[%emt 0:00:25]} 32. Re7+ {[%emt 0:00:30]} Kb6 {[%emt 0:00:27]} 33. h3 {[%emt 0:01:30]} 1-0

[Event "World Junior U20 Girls 2018"]
[Site "Gebze"]
[Date "2018.09.06"]
[Round "2"]
[White "Aubert, Laurane"]
[Black "Alinasab, Mobina"]
[Result "1/2-1/2"]
[WhiteElo "1970"]
[BlackElo "2261"]
[Annotator "NA"]
[PlyCount "121"]
[EventDate "2018.09.05"]
[EventType "swiss"]
[EventCountry "TUR"]
[SourceTitle "playchess.com"]
[Source "ChessBase"]
[SourceQuality "1"]
[TimeControl "40/5400+30:1800+30"]

1. e4 {[%emt 0:00:30]} e6 {[%emt 0:00:30]} 2. d4 {[%emt 0:00:30]} d5 {[%emt 0:00:30]} 3. Bd3 {[%emt 0:00:00]} c5 {[%emt 0:00:00]} 4. exd5 {[%emt 0:00:00]} Qxd5 {[%emt 0:01:00]} 5. Nc3 {[%emt 0:00:00]} Qd7 {[%emt 0:12:30]} 6. Bf4 {[%emt 0:15:00]} a6 {[%emt 0:05:30]} 7. d5 {[%emt 0:11:30]} Nf6 {[%emt 0:23:30]} 8. dxe6 {[%emt 0:10:30]} Qxe6+ {[%emt 0:00:00]} 9. Qe2 {[%emt 0:03:30]} Qxe2+ {[%emt 0:05:00]} 10. Ngxe2 {[%emt 0:02:30]} Be6 {[%emt 0:00:30]} 11. Ne4 {[%emt 0:03:30]} Nbd7 {[%emt 0:05:30]} 12. N2c3 {[%emt 0:05:30]} h6 {[%emt 0:19:30]} 13. O-O-O {[%emt 0:06:30]} O-O-O {[%emt 0:05:40]} 14. Rhe1 {[%emt 0:08:30]} Nb6 {[%emt 0:04:33]} 15. Nxf6 {[%emt 0:09:30]} gxf6 {[%emt 0:00:05]} 16. Ne4 {[%emt 0:00:30]} Nd5 {[%emt 0:03:57]} 17. Bd2 {[%emt 0:02:28]} Nb4 {[%emt 0:04:18]} 18. Bxb4 {[%emt 0:09:18]} cxb4 {[%emt 0:00:02]} 19. Nxf6 {[%emt 0:04:13]} a5 {[%emt 0:00:55]} 20. Bb5 {[%emt 0:03:08]} Be7 {[%emt 0:02:04]} 21. Ne4 {[%emt 0:00:46]} Kc7 {[%emt 0:00:38]} 22. f4 {[%emt 0:01:00]} Rxd1+ {[%emt 0:02:50]} 23. Rxd1 {[%emt 0:00:09]} Rg8 {[%emt 0:00:55]} 24. g3 {[%emt 0:01:04]} h5 {[%emt 0:00:10]} 25. Rd2 {[%emt 0:00:54]} h4 {[%emt 0:00:48]} 26. Rd3 {[%emt 0:01:14]} f5 {[%emt 0:01:06]} 27. Nd2 {[%emt 0:00:23]} Bc5 {[%emt 0:00:36]} 28. Nc4 {[%emt 0:00:39]} hxg3 {[%emt 0:00:56]} 29. hxg3 {[%emt 0:00:05]} b6 {[%emt 0:00:09]} 30. c3 {[%emt 0:00:54]} bxc3 {[%emt 0:00:54]} 31. Rxc3 {[%emt 0:00:05]} Rh8 {[%emt 0:00:00]} 32. Rd3 {[%emt 0:01:15]} Rh1+ {[%emt 0:00:22]} 33. Kc2 {[%emt 0:00:30]} Rh2+ {[%emt 0:00:30]} 34. Kc1 {[%emt 0:00:30]} Rg2 {[%emt 0:00:34]} 35. a3 {[%emt 0:00:14]} Rg1+ {[%emt 0:00:47]} 36. Kc2 {[%emt 0:00:42]} Rg2+ {[%emt 0:00:30]} 37. Kc1 {[%emt 0:00:00]} Bf2 {[%emt 0:00:08]} 38. Rc3 {[%emt 0:00:54]} Rxg3 {[%emt 0:00:37]} 39. Ne3+ {[%emt 0:00:30]} Kb7 {[%emt 0:00:51]} 40. Bc6+ {[%emt 0:00:00]} Ka6 {[%emt 0:00:00]} 41. Kd2 $11 {[%emt 0:09:35]} Rg1 {[%emt 0:03:35]} 42. Ke2 {[%emt 0:02:30]} Bh4 {[%emt 0:00:30]} 43. Nd5 {[%emt 0:08:52]} Rg2+ {[%emt 0:09:57]} 44. Ke3 {[%emt 0:02:05]} Bxd5 {[%emt 0:08:51]} 45. Bxd5 {[%emt 0:00:30]} Rxb2 {[%emt 0:00:00]} 46. Be6 {[%emt 0:00:00]} a4 {[%emt 0:04:35]} 47. Bxf5 {[%emt 0:06:27]} Be7 {[%emt 0:02:32]} 48. Bd3+ {[%emt 0:01:38]} Ka5 {[%emt 0:00:50]} 49. f5 {[%emt 0:02:36]} Ra2 {[%emt 0:01:34]} 50. Rc7 {[%emt 0:01:00]} Bg5+ {[%emt 0:02:20]} 51. Kd4 {[%emt 0:00:47]} Rxa3 {[%emt 0:00:26]} 52. Ra7+ {[%emt 0:00:18]} Kb4 {[%emt 0:00:34]} 53. Rb7 {[%emt 0:00:43]} Bf6+ {[%emt 0:00:11]} 54. Ke4 {[%emt 0:00:00]} Kc5 {[%emt 0:01:19]} 55. Rf7 {[%emt 0:00:16]} Bd8 {[%emt 0:00:42]} 56. Rd7 {[%emt 0:00:30]} Bh4 {[%emt 0:00:22]} 57. Rh7 {[%emt 0:00:20]} Bf6 {[%emt 0:00:44]} 58. Rf7 {[%emt 0:00:05]} Bd8 {[%emt 0:00:19]} 59. Rd7 {[%emt 0:01:12]} Bh4 {[%emt 0:00:30]} 60. Rh7 {[%emt 0:00:00]} Bf6 {[%emt 0:00:38]} 61. Rf7 {[%emt 0:00:00]} 1/2-1/2

[Event "World Junior U20 Girls 2018"]
[Site "Gebze"]
[Date "2018.09.06"]
[Round "2"]
[White "Meenal Gupta"]
[Black "Georgescu, Lena"]
[Result "0-1"]
[WhiteElo "1963"]
[BlackElo "2195"]
[Annotator "NA"]
[PlyCount "68"]
[EventDate "2018.09.05"]
[EventType "swiss"]
[EventCountry "TUR"]
[SourceTitle "playchess.com"]
[Source "ChessBase"]
[SourceQuality "1"]
[TimeControl "40/5400+30:1800+30"]

1. e4 {[%emt 0:00:30]} c5 {[%emt 0:00:30]} 2. Nf3 {[%emt 0:00:30]} e6 {[%emt 0:00:30]} 3. d4 {[%emt 0:00:30]} cxd4 {[%emt 0:00:00]} 4. Nxd4 {[%emt 0:00:00]} Nc6 {[%emt 0:00:00]} 5. Nxc6 {[%emt 0:00:00]} bxc6 {[%emt 0:00:00]} 6. Bd3 {[%emt 0:00:30]} Nf6 {[%emt 0:00:00]} 7. O-O {[%emt 0:01:30]} d5 {[%emt 0:01:30]} 8. Nd2 {[%emt 0:00:30]} Be7 {[%emt 0:00:30]} 9. Qe2 {[%emt 0:00:30]} O-O {[%emt 0:00:30]} 10. b3 {[%emt 0:05:30]} a5 {[%emt 0:02:30]} 11. Bb2 {[%emt 0:06:30]} a4 {[%emt 0:01:30]} 12. c4 {[%emt 0:03:30]} Bb7 {[%emt 0:14:30]} 13. Rfd1 {[%emt 0:12:30]} Qb6 {[%emt 0:03:30]} 14. Rab1 {[%emt 0:19:30]} axb3 {[%emt 0:03:30]} 15. axb3 {[%emt 0:00:00]} Ra2 {[%emt 0:07:30]} 16. e5 {[%emt 0:01:00]} Nd7 {[%emt 0:02:30]} 17. Qh5 {[%emt 0:00:30]} g6 {[%emt 0:02:30]} 18. Qh6 {[%emt 0:00:30]} Rxb2 {[%emt 0:09:30]} 19. Rxb2 {[%emt 0:01:30]} Qd4 {[%emt 0:00:30]} 20. Rbb1 {[%emt 0:06:30]} Qxd3 {[%emt 0:01:30]} 21. Nf3 {[%emt 0:00:30]} Qf5 {[%emt 0:02:30]} 22. cxd5 {[%emt 0:01:30]} cxd5 {[%emt 0:04:30]} 23. Qe3 {[%emt 0:02:30]} Bc5 {[%emt 0:04:30]} 24. Qe2 {[%emt 0:02:30]} d4 {[%emt 0:06:30]} 25. b4 {[%emt 0:02:30]} Bb6 {[%emt 0:02:30]} 26. Ra1 {[%emt 0:07:30]} Qf4 {[%emt 0:13:51]} 27. b5 {[%emt 0:03:30]} Rc8 {[%emt 0:01:22]} 28. Ra3 {[%emt 0:02:11]} Rc1 {[%emt 0:04:29]} 29. h3 {[%emt 0:00:39]} Rxd1+ {[%emt 0:01:12]} 30. Qxd1 {[%emt 0:00:02]} Nxe5 {[%emt 0:00:28]} 31. Nxe5 {[%emt 0:01:13]} Qxe5 {[%emt 0:00:05]} 32. Qb1 {[%emt 0:00:07]} Qd5 {[%emt 0:01:11]} 33. Rg3 {[%emt 0:00:08]} Bc7 {[%emt 0:00:53]} 34. Rf3 {[%emt 0:00:15]} Qg5 {[%emt 0:00:42]} 0-1

[Event "World Junior U20 Girls 2018"]
[Site "Gebze"]
[Date "2018.09.06"]
[Round "2"]
[White "Heydarova, Aytaj"]
[Black "Incecik, Seyma Zeynep"]
[Result "0-1"]
[WhiteElo "1948"]
[BlackElo "1716"]
[Annotator "NA"]
[PlyCount "120"]
[EventDate "2018.09.05"]
[EventType "swiss"]
[EventCountry "TUR"]
[SourceTitle "playchess.com"]
[Source "ChessBase"]
[SourceQuality "1"]
[TimeControl "40/5400+30:1800+30"]

1. Nf3 {[%emt 0:00:30]} d5 {[%emt 0:00:30]} 2. g3 {[%emt 0:00:00]} Nf6 {[%emt 0:00:30]} 3. Bg2 {[%emt 0:00:00]} g6 {[%emt 0:00:30]} 4. d3 {[%emt 0:00:30]} Bg7 {[%emt 0:00:00]} 5. O-O {[%emt 0:00:00]} O-O {[%emt 0:00:00]} 6. c3 {[%emt 0:00:00]} c5 {[%emt 0:00:30]} 7. Nbd2 {[%emt 0:00:00]} Nc6 {[%emt 0:00:00]} 8. e4 {[%emt 0:00:00]} e5 {[%emt 0:01:00]} 9. Re1 {[%emt 0:00:30]} Re8 {[%emt 0:00:00]} 10. Qc2 {[%emt 0:03:30] A08: King's Indian Attack} (10. exd5 Nxd5 11. Nc4 Nb6 12. Bg5 Qc7 13. Nxb6 axb6 14. d4 h6 15. Bd2 cxd4 16. cxd4 Bg4 17. d5 Nd4 18. Bc3 Qd7 19. Bxd4 exd4 20. Qb3 Bxf3 21. Bxf3 Qd6 22. a3 Rac8 23. Rad1 Bf6 {½-½ (23) David,A (2576)-Feller,S (2569) Schifflange 2017}) 10... h6 {[%emt 0:02:00]} 11. Nf1 {[%emt 0:00:30]} Be6 {[%emt 0:01:30]} 12. N3d2 {[%emt 0:10:30]} Qd7 {[%emt 0:09:30]} 13. Nb3 $146 {[%emt 0:10:30]} ({Predecessor:} 13. b3 Rad8 14. Bb2 d4 15. c4 {0-1 (43) Kirilov,I (1913)-Pniaczek,M (2085) Mamaia 2017}) 13... b6 {[%emt 0:02:30]} 14. f4 {[%emt 0:08:30]} Rad8 {[%emt 0:11:30]} 15. fxe5 {[%emt 0:10:30]} Nxe5 {[%emt 0:00:30]} 16. d4 {[%emt 0:01:30]} c4 {[%emt 0:10:30]} 17. dxe5 {[%emt 0:08:30]} cxb3 {[%emt 0:00:30]} 18. axb3 {[%emt 0:00:00]} Nxe4 {[%emt 0:01:30]} 19. Ne3 {[%emt 0:13:00]} Bxe5 {[%emt 0:21:30]} 20. Nxd5 {[%emt 0:08:30]} Bxd5 {[%emt 0:02:30]} 21. Bxe4 {[%emt 0:00:30]} Bg7 {[%emt 0:06:30]} 22. Bf4 {[%emt 0:03:53]} Bxe4 {[%emt 0:05:30]} 23. Rxe4 {[%emt 0:00:49]} g5 {[%emt 0:04:42]} 24. Be3 {[%emt 0:04:03]} Rxe4 {[%emt 0:01:30]} 25. Qxe4 {[%emt 0:00:08]} Re8 {[%emt 0:00:28]} 26. Qf3 {[%emt 0:02:13]} Qd3 {[%emt 0:02:25]} 27. Re1 {[%emt 0:02:39]} Qc2 {[%emt 0:03:24]} 28. Re2 {[%emt 0:04:48]} Qxb3 {[%emt 0:00:34]} 29. Rf2 {[%emt 0:01:00]} Qe6 {[%emt 0:01:42]} 30. Bd4 {[%emt 0:02:06]} Bxd4 {[%emt 0:02:39]} 31. cxd4 {[%emt 0:00:30]} Qe1+ {[%emt 0:00:00]} 32. Kg2 {[%emt 0:00:34]} Qe4 {[%emt 0:00:00]} 33. Rd2 {[%emt 0:01:12]} f5 {[%emt 0:03:48]} 34. h3 {[%emt 0:01:52]} Kf7 {[%emt 0:00:40]} 35. d5 {[%emt 0:00:52]} Qxf3+ {[%emt 0:00:56]} 36. Kxf3 {[%emt 0:00:07]} Rd8 {[%emt 0:01:03]} 37. Ke3 {[%emt 0:01:09]} Re8+ {[%emt 0:01:10]} 38. Kf3 {[%emt 0:00:50]} Rd8 {[%emt 0:04:13]} 39. Ke3 {[%emt 0:00:47]} Re8+ {[%emt 0:00:38]} 40. Kf3 {[%emt 0:00:59]} Ke7 {[%emt 0:00:00]} 41. Rc2 $17 {[%emt 0:06:29]} Rd8 {[%emt 0:14:19]} 42. Rc6 {[%emt 0:03:30]} Rd6 {[%emt 0:00:58]} 43. Rc7+ {[%emt 0:00:00]} Kf6 {[%emt 0:00:32]} 44. Rxa7 {[%emt 0:00:00]} Rxd5 {[%emt 0:00:09]} 45. Ra2 {[%emt 0:04:30]} Rd3+ {[%emt 0:00:30]} 46. Kf2 {[%emt 0:00:30]} Rb3 {[%emt 0:00:18]} 47. Kg2 {[%emt 0:02:27]} f4 {[%emt 0:01:35]} 48. gxf4 {[%emt 0:00:40]} gxf4 {[%emt 0:00:04]} 49. Ra4 {[%emt 0:00:33]} Kf5 {[%emt 0:00:43]} 50. Rd4 {[%emt 0:00:26]} Rxb2+ {[%emt 0:00:18]} 51. Kf3 {[%emt 0:00:43]} Rb3+ {[%emt 0:00:30]} 52. Kg2 {[%emt 0:00:00]} Rg3+ {[%emt 0:02:16]} 53. Kh2 {[%emt 0:00:10]} Rg6 {[%emt 0:00:00]} 54. Rb4 {[%emt 0:00:09]} f3 {[%emt 0:05:09]} 55. Rb5+ {[%emt 0:00:24]} Ke4 {[%emt 0:00:43]} 56. Rb4+ {[%emt 0:00:09]} Ke3 {[%emt 0:01:02]} 57. Rb3+ {[%emt 0:00:30]} Ke2 {[%emt 0:00:00]} 58. Rb2+ {[%emt 0:00:00]} Kd1 {[%emt 0:00:00]} 59. Rb1+ {[%emt 0:00:43]} Kc2 {[%emt 0:00:22]} 60. Rf1 {[%emt 0:00:06]} Rf6 {[%emt 0:00:15]} 0-1